Fußball-Weltmeisterschaften Gewinner - Statistiken

Allgemein
  • Dieses Quiz wurde 171 mal gespielt
  • Das Durchschnittsergebnis liegt bei 22 aus 22
Antwortstatistiken
Hint Antwort % Korrekt
1958 Brasilien
100%
1962 Brasilien
100%
1970 Brasilien
100%
1994 Brasilien
100%
2002 Brasilien
100%
1954 Deutschland
100%
1974 Deutschland
100%
1990 Deutschland
100%
2014 Deutschland
100%
1934 Italien
100%
1938 Italien
100%
1982 Italien
100%
2006 Italien
100%
1978 Argentinien
99%
1986 Argentinien
99%
2022 Argentinien
99%
1998 Frankreich
99%
2018 Frankreich
99%
2010 Spanien
99%
1930 Uruguay
94%
1950 Uruguay
94%
1966 England
93%
Keine übereinstimmenden Quizze gefunden
Verteilung der Resultate
Anzahl Personen mit jedem Resultat
Perzentil nach korrekt beantworteten Fragen
Ihre Resultats-Entwicklung
Sie haben dieses Quiz noch nicht gespielt